[Event "English: Neo-Catalan (1800-2300)"]
[Site "SchemingMind.com"]
[Date "2008.07.16"]
[Round "-"]
[White "dcon"]
[Black "DeekMan"]
[Result "1/2-1/2"]
[WhiteCountry "RSA"]
[BlackCountry "SCO"]
[WhiteElo "2237"]
[WhiteRD "65"]
[BlackElo "2142"]
[BlackRD "90"]
[GameID "163700"]

1. c4 e6 2. Nf3 Nf6 3. g3 d5 4. d4 dxc4 5. Bg2 Nc6 6. Qa4 Bb4+ 7. Bd2 Nd5 8. Bxb4 Nxb4 9. O-O Bd7 10. a3 b5
11. Qxb5 Nc2 12. Ra2 N6xd4 13. Qe5 f6 14. Qh5+ g6 15. Qc5 Qe7 16. Qxe7+ Kxe7 17. Nxd4 Nxd4 18. e3 Nc6 19. Rc1 Rac8 20. Rxc4 Ne5
21. Rc3 c5 22. f4 Ng4 23. b3 Rhd8 24. Rac2 c4 25. bxc4 Ba4 26. Rc1 Rc5 27. h3 Nh6 28. Kf2 Nf5 29. g4 Nd6 30. Nd2 Nb5
31. Nb3 Nxc3 32. Nxc5 Rd2+ 33. Kf1 Bc2 34. Bf3 Na2 35. Ra1 Nc3 36. Ke1=
1/2-1/2

[Event "English: Neo-Catalan (1800-2300)"]
[Site "SchemingMind.com"]
[Date "2008.07.16"]
[Round "-"]
[White "DeekMan"]
[Black "dcon"]
[Result "1/2-1/2"]
[WhiteCountry "SCO"]
[BlackCountry "RSA"]
[WhiteElo "2196"]
[WhiteRD "81"]
[BlackElo "2251"]
[BlackRD "65"]
[GameID "163701"]

1. c4 e6 2. Nf3 Nf6 3. g3 d5 4. Bg2 dxc4 5. Qa4+ c6 6. Qxc4 b5 7. Qc2 Bb7 8. O-O c5 9. d3 Nc6 10. Nc3 Qb6
11. Bg5 Nd4 12. Nxd4 Bxg2 13. Kxg2 cxd4 14. Ne4 Nd5 15. Rfc1 f5 16. Nd2 h6 17. Bf4 Nxf4+ 18. gxf4 Bd6 19. Qc6+ Ke7 20. Qxb6 axb6
21. Rc6 Bxf4 22. Nb3 Rhd8 23. Rxb6 Rd5 24. Rb7+ Kf6 25. Rb6 g5 26. Rc6 h5 27. a3 Ra7 28. h3 h4 29. Kf3 Bd6 30. Rac1 g4+
31. Kg2 g3 32. fxg3 hxg3 33. Rc8 b4 34. axb4 Rb7 35. R8c4 Bxb4 36. Nxd4 Bd6 37. Rb1 f4 38. b4 e5 39. Nc6 Rb6 40. Ra1 Rdb5
41. Ra5 Rxa5=
1/2-1/2

[Event "English: Neo-Catalan (1800-2300)"]
[Site "SchemingMind.com"]
[Date "2008.07.30"]
[Round "-"]
[White "Darko"]
[Black "DeekMan"]
[Result "0-1"]
[WhiteCountry "ROU"]
[BlackCountry "SCO"]
[WhiteElo "1966"]
[WhiteRD "75"]
[BlackElo "2207"]
[BlackRD "81"]
[GameID "165303"]

1. c4 e6 2. Nf3 Nf6 3. g3 d5 4. d4 dxc4 5. Bg2 Nc6 6. Qa4 Bb4+ 7. Bd2 Nd5 8. Bxb4 Nxb4 9. O-O Bd7 10. a3 b5
11. Qxb5 Nc2 12. Ra2 N6xd4 13. Qxc4 Bb5 14. Qc5 Qd6 15. b4 Qxc5 16. bxc5 Nxe2+ 17. Kh1 Ncd4 18. Rd1 O-O-O 19. Ng5 Rhf8 20. Nxh7 Rh8
21. Ng5 Rh5 22. h4 Rxg5
0-1

[Event "English: Neo-Catalan (1800-2300)"]
[Site "SchemingMind.com"]
[Date "2008.08.02"]
[Round "-"]
[White "Darko"]
[Black "dcon"]
[Result "0-1"]
[WhiteCountry "ROU"]
[BlackCountry "RSA"]
[WhiteElo "1966"]
[WhiteRD "75"]
[BlackElo "2288"]
[BlackRD "58"]
[GameID "165304"]

1. c4 e6 2. Nf3 Nf6 3. g3 d5 4. d4 Bb4+ 5. Bd2 Bxd2+ 6. Nbxd2 O-O 7. Bg2 Nc6 8. O-O b6 9. Rc1 Bb7 10. Qa4 Qd6
11. c5 Qd7 12. a3 Ne4 13. Ne5 Nxe5 14. Qxd7 Nxd7 15. Nxe4 Ba6 16. Nc3 bxc5 17. dxc5 Bc4 18. b4 a5 19. Rfe1 axb4 20. axb4 Rfb8
21. c6 Ne5 22. b5 Bxb5 23. Nxb5 Rxb5 24. f4 Ng4 25. Rc3 f5 26. h3 Nf6 27. Bf3 Kf7 28. g4 Ra4 29. gxf5 exf5 30. e3 Ra2
31. Rec1 Ke6 32. Kf1 Rbb2 33. Kg1 Ne4 34. Bxe4 fxe4 35. Rc5 Rg2+ 36. Kh1 Rh2+ 37. Kg1 Rag2+ 38. Kf1 Rg3 39. Rd1 Rh1+
0-1

[Event "English: Neo-Catalan (1800-2300)"]
[Site "SchemingMind.com"]
[Date "2008.07.30"]
[Round "-"]
[White "DeekMan"]
[Black "Darko"]
[Result "1-0"]
[WhiteCountry "SCO"]
[BlackCountry "ROU"]
[WhiteElo "2196"]
[WhiteRD "81"]
[BlackElo "1988"]
[BlackRD "79"]
[GameID "165305"]

1. c4 e6 2. Nf3 Nf6 3. g3 d5 4. d4 dxc4 5. Nc3 c5 6. e3 cxd4 7. exd4 Nc6 8. Bxc4 Be7 9. O-O O-O 10. Bf4 Qa5
11. Rc1 b6 12. d5 exd5 13. Nxd5 b5 14. Ne5 Nxe5 15. Nxe7+ Kh8 16. Bxe5 Rd8 17. Qf3 Bg4 18. Qxf6
1-0

[Event "English: Neo-Catalan (1800-2300)"]
[Site "SchemingMind.com"]
[Date "2008.08.02"]
[Round "-"]
[White "dcon"]
[Black "Darko"]
[Result "1-0"]
[WhiteCountry "RSA"]
[BlackCountry "ROU"]
[WhiteElo "2288"]
[WhiteRD "58"]
[BlackElo "1966"]
[BlackRD "75"]
[GameID "165306"]

1. c4 e6 2. Nf3 Nf6 3. g3 d5 4. cxd5 exd5 5. Nc3 Bd6 6. d4 O-O 7. Bg5 c6 8. Bg2 h6 9. Bd2 Re8 10. O-O Bf5
11. Nh4 Bh7 12. Bh3 Nbd7 13. Nf5 Bf8 14. b3 b5 15. Rc1 Qb6 16. e3 c5 17. Nxh6+ gxh6 18. Bxd7 Nxd7 19. Qg4+ Bg7 20. Qxd7 Rad8
21. Qxb5 Qxb5 22. Nxb5 Bd3 23. Nc7 Bxf1 24. Nxe8 Rxe8 25. Kxf1 cxd4 26. exd4
1-0

[Event "English: Neo-Catalan (1800-2300)"]
[Site "SchemingMind.com"]
[Date "2008.07.31"]
[Round "-"]
[White "thebirdolux"]
[Black "DeekMan"]
[Result "1/2-1/2"]
[WhiteCountry "USA"]
[BlackCountry "SCO"]
[WhiteElo "2227"]
[WhiteRD "74"]
[BlackElo "2207"]
[BlackRD "81"]
[GameID "165532"]

1. c4 e6 2. Nf3 Nf6 3. g3 d5 4. Bg2 Nc6 5. O-O dxc4 6. Qa4 Nd7 7. Qxc4 Nb6 8. Qc3 Nd5 9. Qb3 Be7 10. d4 O-O
11. Nc3 Bf6 12. e4 Nb6 13. e5 Be7 14. Be3 Bd7 15. Ne4 Nd5 16. a3 Na5 17. Qd3 a6 18. Rfe1 Bb5 19. Qc2 Nxe3 20. fxe3 Rc8
21. b4 Nc6 22. Rec1 Na7 23. a4 Bc6 24. Nc5 Bxc5 25. Qxc5 Ra8 26. Ra2 h6 27. a5 Qd5 28. Qxd5 Bxd5 29. Rb2 Bxf3 30. Bxf3 c6
31. Bg4 Rad8 32. Rf2 Nb5 33. Kf1 Nc7 34. Ke2 Nd5 35. Rff1 g6 36. Bf3 Nxb4 37. Rb1 Nd5 38. Rb3 Rd7 39. Rfb1 Rb8 40. Rc1 Rc8
41. Bg2 Kg7 42. Rb2 Rcc7 43. Bf3 f5 44. Rb3 g5 45. Bg2 Kf8 46. Rc5 Ne7 47. Rc4=
1/2-1/2

[Event "English: Neo-Catalan (1800-2300)"]
[Site "SchemingMind.com"]
[Date "2008.07.31"]
[Round "-"]
[White "thebirdolux"]
[Black "Darko"]
[Result "1-0"]
[WhiteCountry "USA"]
[BlackCountry "ROU"]
[WhiteElo "2227"]
[WhiteRD "74"]
[BlackElo "1966"]
[BlackRD "75"]
[GameID "165533"]

1. c4 e6 2. Nf3 Nf6 3. g3 d5 4. Bg2 Be7 5. d4 O-O 6. O-O dxc4 7. Qc2 a6 8. Rd1 b5 9. Ng5 c6 10. Nc3 h6
11. Nf3 Qb6 12. Ne5 Nd5 13. b3 cxb3 14. Qxb3 Bb7 15. Rb1 a5 16. Nxd5 exd5 17. e4 a4 18. Qf3 a3 19. exd5 cxd5 20. Qb3 b4
21. Bxd5 Bxd5 22. Qxd5 Ra5 23. Qb3 Qc7 24. Bf4 Qc3 25. Ng6
1-0

[Event "English: Neo-Catalan (1800-2300)"]
[Site "SchemingMind.com"]
[Date "2008.08.02"]
[Round "-"]
[White "thebirdolux"]
[Black "dcon"]
[Result "1/2-1/2"]
[WhiteCountry "USA"]
[BlackCountry "RSA"]
[WhiteElo "2142"]
[WhiteRD "82"]
[BlackElo "2237"]
[BlackRD "65"]
[GameID "165534"]

1. c4 e6 2. Nf3 Nf6 3. g3 d5 4. Bg2 Nc6 5. b3 d4 6. O-O e5 7. d3 Bd6 8. e3 O-O 9. exd4 exd4 10. Bb2 Re8
11. Nbd2 Bc5 12. Ng5 Bg4 13. f3 Bf5 14. Nde4 Bb4 15. a3 Bc3 16. Nxc3 dxc3 17. Bxc3 Re3 18. Ne4 Rxd3 19. Bxf6 Rxd1 20. Bxd8 Rxa1
21. Rxa1 Rxd8 22. Re1 Nd4 23. Re3 Nc2 24. Re2 Bxe4 25. Rxe4 Rd1+ 26. Kf2 Rd2+ 27. Re2 Rxe2+ 28. Kxe2 Nd4+ 29. Kd2 Nxb3+ 30. Kc3 Nc5
31. Kb4 Na6+ 32. Ka5 f5 33. f4 Nc5=
1/2-1/2

[Event "English: Neo-Catalan (1800-2300)"]
[Site "SchemingMind.com"]
[Date "2008.07.31"]
[Round "-"]
[White "DeekMan"]
[Black "thebirdolux"]
[Result "1/2-1/2"]
[WhiteCountry "SCO"]
[BlackCountry "USA"]
[WhiteElo "2207"]
[WhiteRD "81"]
[BlackElo "2227"]
[BlackRD "74"]
[GameID "165535"]

1. c4 e6 2. Nf3 Nf6 3. g3 d5 4. Bg2 dxc4 5. Qa4+ c6 6. Qxc4 b5 7. Qc2 Bb7 8. d3 Nbd7 9. Nc3 Be7 10. O-O O-O
11. Be3 a6 12. Ne4 Nxe4 13. dxe4 Qc7 14. Rfd1 c5 15. Bf4 e5 16. Be3 c4 17. b3 c3 18. Ne1 b4 19. Nd3 Rfd8 20. f3 a5
21. Bh3 Nb8 22. Bf5 Nc6 23. a3 Nd4 24. Bxd4 exd4 25. a4 Ra6 26. Rf1 g6 27. Bh3 Bf6 28. Rad1 Re8 29. Nf2 Qe7 30. Bg2 Bg7
31. f4 g5 32. f5 Qc5 33. Nd3 Qe7 34. Nf2 Qc5 35. Nd3 Qc7 36. Nf2 Rd6 37. Qc1 h6 38. Bf3 Qb6 39. Kg2 Rdd8 40. Rh1 Rc8
41. Qc2 Bf6 42. Rhe1 Rc7 43. Rc1 Bg7 44. Qd3 Rce7=
1/2-1/2

[Event "English: Neo-Catalan (1800-2300)"]
[Site "SchemingMind.com"]
[Date "2008.07.31"]
[Round "-"]
[White "Darko"]
[Black "thebirdolux"]
[Result "0-1"]
[WhiteCountry "ROU"]
[BlackCountry "USA"]
[WhiteElo "1966"]
[WhiteRD "75"]
[BlackElo "2227"]
[BlackRD "74"]
[GameID "165536"]

1. c4 e6 2. Nf3 Nf6 3. g3 d5 4. b3 a5 5. Nc3 d4 6. Nb5 e5 7. Nxe5 c6 8. Na3 Bd6 9. Nf3 d3 10. exd3 O-O
11. Nc2 Re8+ 12. Ne3 c5 13. Bg2 Bf5 14. Bf1 Nc6 15. Be2 Ne5 16. Nxf5 Nxf3+ 17. Kf1 Be5 18. Rb1 Qd7 19. Ne3 Qh3+ 20. Ng2 Nd4
21. Bf3 Qf5 22. Be4 Nxe4 23. dxe4 Qxe4 24. d3 Qc6 25. a4 Nf3 26. Be3 b6 27. Qc2 Rad8 28. Rd1 h5 29. h4 Rd6 30. Qe2 Rf6
31. Qa2 Bd4 32. Bxd4 Nxd4 33. Rd2 Re1+
0-1

[Event "English: Neo-Catalan (1800-2300)"]
[Site "SchemingMind.com"]
[Date "2008.08.03"]
[Round "-"]
[White "dcon"]
[Black "thebirdolux"]
[Result "1/2-1/2"]
[WhiteCountry "RSA"]
[BlackCountry "USA"]
[WhiteElo "2288"]
[WhiteRD "58"]
[BlackElo "2227"]
[BlackRD "74"]
[GameID "165537"]

1. c4 e6 2. Nf3 Nf6 3. g3 d5 4. cxd5 exd5 5. d4 Bb4+ 6. Bd2 Qe7 7. Qa4+ Nc6 8. Bxb4 Qxb4+ 9. Qxb4 Nxb4 10. Na3 O-O
11. e3 Re8 12. Bb5 c6 13. Be2 Bh3 14. Ne5 a5 15. g4 c5 16. f3 cxd4 17. exd4 h5 18. g5 Nd7 19. Nxd7 Bxd7 20. Kd2 Re6
21. Rhc1 f6 22. Nc2 Rae8 23. Bf1 Nc6 24. Bd3 fxg5 25. Rg1 g4 26. fxg4 hxg4 27. Rae1 Rf8 28. Rxe6 Bxe6 29. Rf1= Rxf1 30. Bxf1 Kf7
31. Bg2 Kf6 32. Ke1 Bf5 33. Ne3 Nxd4 34. Bxd5 b5 35. Kf2 Ke5 36. Kg3 Bd7 37. Bg8 Ne2+ 38. Kf2 Nc1 39. Nd1 Kf4 40. a3 Nd3+
41. Ke2= Ne5 42. Kf2 Bc6 43. Be6 b4 44. Ne3 Nd3+ 45. Ke2 Nxb2 46. axb4 axb4 47. Bxg4 Nd1 48. Nxd1 Bb5+ 49. Kd2 Kxg4 50. Ne3+ Kh3
51. Nd5 b3 52. Kc3 Bd7 53. Nc7=
1/2-1/2

[Event "English: Neo-Catalan (1800-2300)"]
[Site "SchemingMind.com"]
[Date "2008.07.31"]
[Round "-"]
[White "nimzoking"]
[Black "DeekMan"]
[Result "1/2-1/2"]
[WhiteCountry "ENG"]
[BlackCountry "SCO"]
[WhiteElo "2155"]
[WhiteRD "74"]
[BlackElo "2196"]
[BlackRD "81"]
[GameID "165614"]

1. c4 e6 2. Nf3 Nf6 3. g3 d5 4. Bg2 dxc4 5. Qa4+ Bd7 6. Qxc4 Bc6 7. O-O Nbd7 8. Nc3 Bd6 9. d3 O-O 10. e4 a5
11. Re1 Nb6 12. Qb3 Ng4 13. d4 a4 14. Qc2 a3 15. b3 Bb4 16. Bd2 f5 17. d5 exd5 18. exd5 Bd7 19. Ne2 Bxd2 20. Nxd2 Re8
21. Rac1 Rc8 22. Nf4 Qf6 23. Nc4 Nxc4 24. bxc4 Rxe1+ 25. Rxe1 Re8 26. Ne6 c6 27. h3 Ne5 28. Qc3 Ng6 29. Qxa3 Nf8 30. Qb4 Nxe6
31. dxe6 Bc8 32. e7 Kf7=
1/2-1/2

[Event "English: Neo-Catalan (1800-2300)"]
[Site "SchemingMind.com"]
[Date "2008.07.31"]
[Round "-"]
[White "nimzoking"]
[Black "Darko"]
[Result "1/2-1/2"]
[WhiteCountry "ENG"]
[BlackCountry "ROU"]
[WhiteElo "2165"]
[WhiteRD "67"]
[BlackElo "1966"]
[BlackRD "75"]
[GameID "165615"]

1. c4 e6 2. Nf3 Nf6 3. g3 d5 4. Bg2 dxc4 5. Qa4+ c6 6. Qxc4 b5 7. Qc2 Bb7 8. d4 Nbd7 9. O-O c5 10. Nc3 b4
11. Na4 Rc8 12. Nxc5 Nxc5 13. dxc5 Bxc5 14. Qa4+ Bc6 15. Qa6 h6 16. a3 bxa3 17. b4 Bxb4 18. Bxa3 Bxa3 19. Rxa3 O-O 20. Qxa7 Ra8=
1/2-1/2

[Event "English: Neo-Catalan (1800-2300)"]
[Site "SchemingMind.com"]
[Date "2008.08.03"]
[Round "-"]
[White "nimzoking"]
[Black "thebirdolux"]
[Result "0-1"]
[WhiteCountry "ENG"]
[BlackCountry "USA"]
[WhiteElo "2165"]
[WhiteRD "67"]
[BlackElo "2227"]
[BlackRD "74"]
[GameID "165616"]

1. c4 e6 2. Nf3 Nf6 3. g3 d5 4. Bg2 dxc4 5. Qa4+ c6 6. Qxc4 b5 7. Qc2 Bb7 8. d4 Nbd7 9. O-O c5 10. Rd1 cxd4
11. Nxd4 Rc8 12. Qd3 Bxg2 13. Kxg2 a6 14. Bg5 Be7 15. Nf3 O-O 16. Nc3 Qb6 17. Rac1 Rfd8 18. Qe3 Qb7 19. Bxf6 Nxf6 20. Rxd8+ Rxd8
21. Rd1 Rxd1 22. Nxd1 Ne4 23. Qd3= f5 24. Qb3 Nc5 25. Qe3 Ne4 26. Qb3 Nc5 27. Qe3= Qc6 28. Qc1 Qd7 29. Ne3 Bd6 30. a3 Ne4
31. Qc2 g6 32. b4 Qc7 33. Qb3 Kf7 34. Qd3 Be7 35. h3 h5 36. h4 Bd6 37. Nf1 Qb6 38. e3 Qc7 39. N1d2 Qc3 40. Ng5+ Ke7
41. Qxc3 Nxc3 42. Kf3 Bc7 43. Nb3 e5 44. Nc5 a5 45. e4 axb4 46. axb4 Bd6 47. Ke3 Na2 48. Nce6 fxe4 49. Kxe4 Nc3+ 50. Kd3 Bxb4
51. f4 e4+
0-1

[Event "English: Neo-Catalan (1800-2300)"]
[Site "SchemingMind.com"]
[Date "2008.08.02"]
[Round "-"]
[White "nimzoking"]
[Black "dcon"]
[Result "1/2-1/2"]
[WhiteCountry "ENG"]
[BlackCountry "RSA"]
[WhiteElo "2165"]
[WhiteRD "67"]
[BlackElo "2288"]
[BlackRD "58"]
[GameID "165617"]

1. c4 e6 2. Nf3 Nf6 3. g3 d5 4. Bg2 Nc6 5. O-O dxc4 6. Qa4 Qd5 7. Nc3 Qc5 8. Nb5 Nd5 9. Ne5 Bd7 10. Nxd7 Kxd7
11. Nc3 Nb6 12. Qc2 Rd8 13. Na4 Qb5 14. Nxb6+ axb6 15. Re1 h5 16. b3 cxb3 17. axb3 Na5 18. Rb1 h4 19. Bb2 hxg3 20. hxg3 Qxb3
21. Qe4 Qc4 22. Qf3 f6 23. Rec1 Qa6 24. Qf4 Nc6 25. d4 Bd6 26. Qg4 f5 27. Qf3 Ne7 28. d5 exd5 29. Bxg7 Rh7 30. Bf6 c6
31. Ra1 Qb5 32. Bxe7 Rxe7 33. Qxf5+ Kc7 34. e4 Qd3 35. Rd1 Qe2 36. exd5 Bc5 37. Rf1 cxd5 38. Rad1 Qe5 39. Qf3 Rg7 40. Rd3 Kb8
41. Rxd5 Rxd5 42. Qxd5 Qxd5 43. Bxd5 Rxg3+ 44. Kh2 Rd3 45. Bg2 b5 46. f4 b4 47. f5 b3 48. f6 Bd6+ 49. Kg1 b2 50. f7 Kc7
51. Be4 Rd4 52. Bb1 Rg4+ 53. Kf2 Rc4 54. Ke2 Rc1 55. Rd1 Bf8 56. Bf5= b5 57. Rd7+ Kc6 58. Rd8 Be7 59. Be4+ Kc7 60. f8=Q Bxf8
61. Rxf8 b1=Q 62. Bxb1= Rxb1 63. Kd2 Rg1 64. Rf4 Kb6 65. Kc3 Ka5 66. Kb2 Rg3 67. Re4 Rd3 68. Kc2 Ra3 69. Kb2 b4 70. Re8 Rf3=
1/2-1/2

[Event "English: Neo-Catalan (1800-2300)"]
[Site "SchemingMind.com"]
[Date "2008.07.31"]
[Round "-"]
[White "DeekMan"]
[Black "nimzoking"]
[Result "1-0"]
[WhiteCountry "SCO"]
[BlackCountry "ENG"]
[WhiteElo "2142"]
[WhiteRD "90"]
[BlackElo "2152"]
[BlackRD "74"]
[GameID "165618"]

1. c4 e6 2. Nf3 Nf6 3. g3 d5 4. Bg2 Be7 5. O-O O-O 6. d4 dxc4 7. Ne5 Nbd7 8. Nxc4 c5 9. dxc5 Bxc5 10. Nc3 Qc7
11. b3 a6 12. Na4 Bb4 13. Bf4 e5 14. Bd2 Bxd2 15. Qxd2 Rd8 16. Rfd1 Qb8 17. Ncb6
1-0

[Event "English: Neo-Catalan (1800-2300)"]
[Site "SchemingMind.com"]
[Date "2008.07.31"]
[Round "-"]
[White "Darko"]
[Black "nimzoking"]
[Result "1/2-1/2"]
[WhiteCountry "ROU"]
[BlackCountry "ENG"]
[WhiteElo "1966"]
[WhiteRD "75"]
[BlackElo "2165"]
[BlackRD "67"]
[GameID "165619"]

1. c4 e6 2. Nf3 Nf6 3. g3 d5 4. d4 dxc4 5. Bg2 Nc6 6. Qa4 Bb4+ 7. Bd2 Nd5 8. Bxb4 Nxb4 9. O-O Rb8 10. Nc3 a6
11. Ne5 Qxd4 12. Nxc6 Nxc6 13. Bxc6+ bxc6 14. Qxc6+ Bd7 15. Qxc7 Rc8 16. Qb7 Qd6 17. Rad1 Qc6 18. Qb4 Qc5 19. Qxc5 Rxc5 20. Ne4 Ra5
21. a3 Ke7 22. Rd4 Rb8 23. Rb1 Rab5=
1/2-1/2

[Event "English: Neo-Catalan (1800-2300)"]
[Site "SchemingMind.com"]
[Date "2008.08.05"]
[Round "-"]
[White "thebirdolux"]
[Black "nimzoking"]
[Result "1/2-1/2"]
[WhiteCountry "USA"]
[BlackCountry "ENG"]
[WhiteElo "2227"]
[WhiteRD "74"]
[BlackElo "2165"]
[BlackRD "67"]
[GameID "165620"]

1. c4 e6 2. Nf3 Nf6 3. g3 d5 4. Bg2 dxc4 5. Qa4+ c6 6. Qxc4 b5 7. Qc2 Bb7 8. d4 Nbd7 9. Ne5 Qa5+ 10. Nc3 b4
11. Ne4 Nxe4 12. Qxe4 Nxe5 13. Qxe5 Qxe5 14. dxe5 Rb8 15. Be3 c5 16. Bxb7 Rxb7 17. Rc1 Rc7 18. O-O f6 19. exf6 gxf6 20. b3 Bd6
21. Rc4 Ke7 22. f3 Rhc8 23. Kf2 a5 24. g4 a4 25. Rfc1 e5 26. h4 Ke6 27. Ke1 Be7 28. Bf2 axb3 29. axb3 f5 30. g5 f4
31. e3 fxe3 32. Bxe3 Kf5 33. Kf2 Rc6 34. Ra1 R6c7 35. Ke2 Rc6 36. Ra7 R8c7 37. Ra2 Rc8=
1/2-1/2

[Event "English: Neo-Catalan (1800-2300)"]
[Site "SchemingMind.com"]
[Date "2008.08.03"]
[Round "-"]
[White "dcon"]
[Black "nimzoking"]
[Result "1-0"]
[WhiteCountry "RSA"]
[BlackCountry "ENG"]
[WhiteElo "2288"]
[WhiteRD "58"]
[BlackElo "2165"]
[BlackRD "67"]
[GameID "165621"]

1. c4 e6 2. Nf3 Nf6 3. g3 d5 4. cxd5 exd5 5. d4 Be7 6. Bg2 c6 7. Nc3 O-O 8. O-O Re8 9. Qd3 Qd7 10. a3 Qf5
11. Ne5 Qxd3 12. Nxd3 Bf5 13. Rd1 Nbd7 14. b4 b5 15. f3 a5 16. Rb1 Bd6 17. g4 axb4 18. axb4 Bg6 19. g5 Nh5 20. e4 dxe4
21. fxe4 Red8 22. Bf3 Nb6 23. Nc5 Be7 24. Nb7 Rd7 25. Na5 Bxb4 26. Rxb4 Rxa5 27. d5 cxd5 28. exd5 Nc4 29. Rxb5 Rxb5 30. Nxb5 Ne5
31. Be2 f6 32. d6 fxg5 33. Bxg5 Nf6 34. Bf4 Nf7 35. Bc4 Kf8 36. Ra1 Ne4 37. Be6 Rd8 38. d7 Nc5 39. Nd4 Nxe6 40. Nxe6+ Ke7
41. Nxd8 Kxd8 42. Ra7 Bf5 43. Bc7+ Kxd7 44. Be5+ Ke6 45. Bxg7 Nd6 46. Kg2 Kd5 47. Kg3 Nb5 48. Re7 Bg6 49. Kf4 Kc6 50. Be5 Na3
51. h4 Nc4 52. Kg5 Nxe5 53. Rxe5 Kd6 54. Re1
1-0

[Event "English: Neo-Catalan (1800-2300)"]
[Site "SchemingMind.com"]
[Date "2008.08.04"]
[Round "-"]
[White "mikhailtal"]
[Black "DeekMan"]
[Result "0-1"]
[WhiteCountry "ENG"]
[BlackCountry "SCO"]
[WhiteElo "1863"]
[WhiteRD "75"]
[BlackElo "2196"]
[BlackRD "81"]
[GameID "166077"]

1. c4 e6 2. Nf3 Nf6 3. g3 d5 4. d4 dxc4 5. Bg2 c5 6. Na3 cxd4 7. Nxc4 Nc6 8. Qa4 Bd7 9. Qb3 Bb4+ 10. Nfd2 b5
11. Ne5 Bxd2+ 12. Bxd2 Nxe5 13. Bxa8 Qxa8 14. O-O-O O-O 15. Bb4 Rc8+ 16. Kb1 a5 17. Bd6 Nc4 18. Be7 Ne4 19. Qd3 e5 20. Rhf1 Bh3
0-1

[Event "English: Neo-Catalan (1800-2300)"]
[Site "SchemingMind.com"]
[Date "2008.08.04"]
[Round "-"]
[White "mikhailtal"]
[Black "Darko"]
[Result "1/2-1/2"]
[WhiteCountry "ENG"]
[BlackCountry "ROU"]
[WhiteElo "1873"]
[WhiteRD "73"]
[BlackElo "1965"]
[BlackRD "80"]
[GameID "166078"]

1. c4 e6 2. Nf3 Nf6 3. g3 d5 4. d4 dxc4 5. Bg2 a6 6. Ne5 c5 7. Na3 cxd4 8. Naxc4 Bc5 9. O-O O-O 10. Bd2 Nd5
11. Rc1 Nd7 12. Nd3 Ba7 13. Qb3 b6 14. Nce5 Nc5 15. Nxc5 bxc5 16. Nc6 Qd6 17. Nxa7 Rxa7 18. Qa3 Rc7 19. Ba5 Rc6 20. Rc4 Bb7
21. Rfc1 Rfc8 22. e4 dxe3 23. fxe3 Qe7 24. e4 Nf6 25. Qa4 h6 26. b4 e5 27. Bh3 Re8 28. Rxc5 Rxc5 29. bxc5 Bxe4 30. c6 Qa7+
31. Kf1 Qe3 32. Qd1 Bd3+ 33. Kg2 Be4+=
1/2-1/2

[Event "English: Neo-Catalan (1800-2300)"]
[Site "SchemingMind.com"]
[Date "2008.08.06"]
[Round "-"]
[White "mikhailtal"]
[Black "nimzoking"]
[Result "0-1"]
[WhiteCountry "ENG"]
[BlackCountry "ENG"]
[WhiteElo "1871"]
[WhiteRD "74"]
[BlackElo "2165"]
[BlackRD "67"]
[GameID "166079"]

1. c4 e6 2. Nf3 Nf6 3. g3 d5 4. d4 dxc4 5. Bg2 a6 6. Ne5 c5 7. Na3 cxd4 8. Naxc4 Bc5 9. Bd2 O-O 10. O-O Nbd7
11. Rc1 Nd5 12. Ba5 Qf6 13. Nd3 Ba7 14. Nd6 N7b6 15. Qb3 Qe7 16. Nxc8 Raxc8 17. Ne5 Qd6 18. Nc4 Nxc4 19. Rxc4 b5 20. Rc2 Rxc2
21. Qxc2 Nb6 22. b3 Rc8 23. Qd2 Nd5 24. Rc1 Rc5 25. Be4 Qe5 26. Bd3 Nc3 27. Rc2 h6 28. Bb4 Rc6 29. Qf4 Qd5 30. f3 Qd8
31. Kg2 Nd5 32. Rxc6 Nxf4+ 33. gxf4 Bb8 34. f5 exf5 35. Bxf5 Qg5+ 36. Bg4 Qf4 37. Rc8+ Kh7 38. Kf1 Qxh2 39. Ke1 Qg1+ 40. Kd2 Bf4+
0-1

[Event "English: Neo-Catalan (1800-2300)"]
[Site "SchemingMind.com"]
[Date "2008.08.04"]
[Round "-"]
[White "mikhailtal"]
[Black "thebirdolux"]
[Result "0-1"]
[WhiteCountry "ENG"]
[BlackCountry "USA"]
[WhiteElo "1871"]
[WhiteRD "74"]
[BlackElo "2227"]
[BlackRD "74"]
[GameID "166080"]

1. c4 e6 2. Nf3 Nf6 3. g3 d5 4. d4 dxc4 5. Bg2 Nc6 6. Qa4 Bb4+ 7. Bd2 Nd5 8. Bxb4 Nxb4 9. Ne5 O-O 10. Nxc6 Nxc6
11. Bxc6 Qxd4 12. Nc3 bxc6 13. Qxc6 Rb8 14. Rd1 Qe5 15. O-O Rxb2 16. Qxc4 Rb6 17. Rc1 Ba6 18. Qg4 f5 19. Qa4 f4 20. Rb1 fxg3
21. hxg3 Bb7 22. Rxb6 axb6 23. Qc4 Rd8 24. Rd1 Rxd1+ 25. Nxd1 Qd5 26. Qxd5 exd5 27. e3 Ba6 28. f4 Kf7 29. Kf2 h5 30. Ke1 Bc4
31. a3 Ke6 32. Nb2 Kf5 33. Kf2 Ke4 34. a4 Bb3 35. Ke2 c5 36. Kf2 c4 37. g4 c3
0-1

[Event "English: Neo-Catalan (1800-2300)"]
[Site "SchemingMind.com"]
[Date "2008.08.04"]
[Round "-"]
[White "mikhailtal"]
[Black "dcon"]
[Result "0-1"]
[WhiteCountry "ENG"]
[BlackCountry "RSA"]
[WhiteElo "1905"]
[WhiteRD "81"]
[BlackElo "2237"]
[BlackRD "65"]
[GameID "166081"]

1. c4 e6 2. Nf3 Nf6 3. g3 d5 4. d4 Nc6 5. Bg2 Bb4+ 6. Bd2 Be7 7. O-O O-O 8. c5 Ne4 9. Be1 b6 10. b4 bxc5
11. dxc5 a5 12. Qa4 Bf6 13. Nfd2 Nxd2 14. Nxd2 Bxa1 15. Qxc6 Bd7 16. Qb7 Rb8 17. Qa7 Bc6 18. Qa6 Bb5 19. Qa7 Ra8 20. Qb7 Qd7
0-1

[Event "English: Neo-Catalan (1800-2300)"]
[Site "SchemingMind.com"]
[Date "2008.08.04"]
[Round "-"]
[White "DeekMan"]
[Black "mikhailtal"]
[Result "1-0"]
[WhiteCountry "SCO"]
[BlackCountry "ENG"]
[WhiteElo "2196"]
[WhiteRD "81"]
[BlackElo "1863"]
[BlackRD "75"]
[GameID "166082"]

1. c4 e6 2. Nf3 Nf6 3. g3 d5 4. Bg2 Be7 5. O-O O-O 6. d4 dxc4 7. Ne5 Nc6 8. Bxc6 bxc6 9. Nxc6 Qe8 10. Nxe7+ Qxe7
11. Nc3 Rd8 12. Qa4 e5 13. dxe5 Qxe5 14. Bf4 Qc5 15. Be3 Qf5= 16. Qxc4 Qh3 17. Rfd1 Be6 18. Rxd8+ Rxd8 19. Qxc7 Rc8 20. Qb7 h6
21. Bxa7 g6 22. f3 Rxc3 23. bxc3 Bd5 24. Qb8+ Kh7 25. e4 Be6 26. Bd4
1-0

[Event "English: Neo-Catalan (1800-2300)"]
[Site "SchemingMind.com"]
[Date "2008.08.04"]
[Round "-"]
[White "Darko"]
[Black "mikhailtal"]
[Result "1/2-1/2"]
[WhiteCountry "ROU"]
[BlackCountry "ENG"]
[WhiteElo "1967"]
[WhiteRD "81"]
[BlackElo "1863"]
[BlackRD "70"]
[GameID "166083"]

1. c4 e6 2. Nf3 Nf6 3. g3 d5 4. d4 Be7 5. Bg2 O-O 6. O-O dxc4 7. Qc2 a6 8. a4 Bd7 9. Qxc4 Bc6 10. Bf4 Nbd7
11. a5 Nd5 12. Nc3 Nxf4 13. gxf4 Nf6 14. Rad1 Qd6 15. e3 Qb4 16. Qa2 Rad8 17. Rfe1 Bd6 18. f5 exf5 19. d5 Bb5 20. Rd4 Qc5
21. Nxb5 Qxb5 22. Rc1 Rfe8 23. Bf1 Qd7 24. Bh3 Re4 25. Qb3 Qb5 26. Qxb5 axb5 27. Bxf5 Rxd4 28. Nxd4 g6 29. Bh3 Bb4 30. Rxc7 Bxa5
31. Rxb7 Nxd5 32. Rxb5 Bb6 33. Bg2 Bxd4 34. exd4 Nf4 35. d5 Kg7 36. h4 h6 37. Bf3 Kf6 38. Kh2 Ke5 39. Kg3 Nxd5 40. Kg4 f5+
41. Kg3 g5 42. h5 Ke6 43. Bxd5+ Rxd5 44. Rb6+ Rd6 45. Rxd6+ Kxd6 46. Kf3 Kd5 47. Ke3 Kc4 48. f3 Kb3 49. Kd4 Kxb2 50. Ke5 f4
51. Kf5 Kc3 52. Kg6 g4 53. fxg4 f3 54. Kxh6 f2 55. Kg7 f1=Q 56. h6 Qf4 57. h7 Qxg4+ 58. Kf8=
1/2-1/2